Online
Catalog

Romeo y Julieta; : (Record no. 43098)

MARC details
000 -CABECERA
campo de control de longitud fija 00729nam a2200217 a 4500
001 - NÚMERO DE CONTROL
campo de control 000043609
005 - FECHA Y HORA DE LA ÚLTIMA TRANSACCIÓN
campo de control 20230417152700.0
008 - DATOS DE LONGITUD FIJA--INFORMACIÓN GENERAL
campo de control de longitud fija 140331s1970 sp 000 0 spa d
040 ## - FUENTE DE LA CATALOGACIÓN
Centro catalogador/agencia de origen DO-SdBNP
Lengua de catalogación spa
Centro/agencia transcriptor BNPHU
082 ## - NÚMERO DE LA CLASIFICACIÓN DECIMAL DEWEY
Número de clasificación 822.33
Número de documento/Ítem S527r
100 1# - ENTRADA PRINCIPAL--NOMBRE DE PERSONA
Nombre de persona Shakespeare, William
Fechas asociadas al nombre 1564-1616
9 (RLIN) 6748
245 10 - MENCIÓN DE TÍTULO
Título Romeo y Julieta; :
Resto del título Ricardo III /
Mención de responsabilidad, etc. William Shakespeare; prólogo J. Enrique García Melero.
260 ## - PUBLICACIÓN, DISTRIBUCIÓN, ETC.
Lugar de publicación, distribución, etc. Madrid :
Nombre del editor, distribuidor, etc. Libra,
Fecha de publicación, distribución, etc. 1970.
300 ## - DESCRIPCIÓN FÍSICA
Extensión 207 p. ;
Dimensiones 17 cm.
490 1# - MENCIÓN DE SERIE
Mención de serie Purpura
Designación de volumen o secuencia 3
500 ## - NOTA GENERAL
Nota general Dos obras encuadernadas juntas con paginación continua.
650 #0 - PUNTO DE ACCESO ADICIONAL DE MATERIA--TÉRMINO DE MATERIA
Término de materia o nombre geográfico como elemento de entrada Teatro inglés
9 (RLIN) 6749
650 #4 - PUNTO DE ACCESO ADICIONAL DE MATERIA--TÉRMINO DE MATERIA
Término de materia o nombre geográfico como elemento de entrada Literatura inglesa
9 (RLIN) 498
700 12 - PUNTO DE ACCESO ADICIONAL--NOMBRE DE PERSONA
Nombre de persona García Melero, J. Enrique
Término indicativo de función/relación prol.
9 (RLIN) 48168
830 #0 - PUNTO DE ACCESO ADICIONAL DE SERIE-TÍTULO UNIFORME
Título uniforme Purpura
Número de parte o sección de la obra 3
9 (RLIN) 71420
Holdings
Estado de retiro Estado de pérdida Restricciones de uso No para préstamo Código de colección Localización permanente Ubicación/localización actual Ubicación en estantería Fecha de adquisición Número de inventario Total de préstamos Signatura topográfica completa Código de barras Fecha visto por última vez Precio válido a partir de Tipo de ítem Koha
      Excluido de préstamo Monografías: Libros y Folletos General General En catalogación 31.03.2014 LF1   822.33 S527r 43609-10 25.06.2020 25.06.2020 No se presta

Powered by Koha